Κατάλογος Βιβλιοθηκών Mediterranean College

Welfare Versus Freedom / Our Major Problem is not How Capitalist or How Socialist our System is. Even the American and Soviet Economies Share both at Times. The Major Problem is How to Balance Economic Welfare with Freedom Guided by Reason. (Record no. 5324)

MARC details
000 -LEADER
fixed length control field 01038cam a22001934a 4500
005 - ΗΜΕΡΟΜΗΝΙΑ ΚΑΙ ΩΡΑ ΤΕΛΕΥΤΑΙΑΣ ΕΝΗΜΕΡΩΣΗΣ
Πεδίο ελέγχου 20250605164209.0
008 - FIXED-LENGTH DATA ELEMENTS--GENERAL INFORMATION
Πεδίο ελέγχου σταθερού μήκους 250528s ||||||||||||||||||||||||d
035 ## - SYSTEM CONTROL NUMBER
System control number 20187
020 ## - ISBN
ISBN 73190095
040 ## - ΠΗΓΗ ΚΑΤΑΛΟΓΟΓΡΑΦΗΣΗΣ
Φορέας πρωτότυπης καταλογογράφησης MC Athens Campus Library
Γλώσσα καταλογογράφησης Ελληνικά, Μοντέρνα (1453-)
Modifying agency MC Athens Campus Library
Κανόνες περιγραφικής καταλογογράφησης AACR2
245 1# - ΤΙΤΛΟΣ ΚΑΙ ΔΗΛΩΣΗ ΥΠΕΥΘΥΝΟΤΗΤΑΣ
Τίτλος Welfare Versus Freedom / Our Major Problem is not How Capitalist or How Socialist our System is. Even the American and Soviet Economies Share both at Times. The Major Problem is How to Balance Economic Welfare with Freedom Guided by Reason.
260 ## - PUBLICATION, DISTRIBUTION, ETC.
Name of publisher, distributor, etc. Olympic Editions Ltd,
Date of publication, distribution, etc. 1972
300 ## - PHYSICAL DESCRIPTION
Extent 386
520 ## - SUMMARY, ETC.
Summary, etc. Yet among those who thought highly of reason the first was sentenced to death by poison in Athens; the second was crucified in Jerusalem; the third was shot in Texas. Miscellany, Foreword, Introduction, Spotlights on the Stream of Intellect, Sensible Welfare Economics, A New Look at State Values, Capitalistic Evils and Policy Making, Postscript, References, Index.
700 1# - ΠΡΟΣΘΕΤΗ ΑΝΑΓΡΑΦΗ--ΦΥΣΙΚΟ ΠΡΟΣΩΠΟ
Personal name Bitsaxis Evan
9 (RLIN) 6232
942 ## - ADDED ENTRY ELEMENTS (KOHA)
Koha item type Books
Holdings
Τύπος τεκμηρίου Βιβλιοθήκη Τρέχουσα τοποθεσία Barcode Αριθμός εισαγωγής Ημερομηνία απόκτησης Ταξιθετικό σύμβολο Αριθμός αντιτύπου Κατάσταση απόσυρσης Κατάσταση χαμένου Κατάσταση κατεστραμμένου Μη δανεισμός Σύνολο δανεισμών Ημερομηνία τελευταίας εμφάνισης Η τιμή ισχύει από
Books MC Athens Campus Library MC Athens Campus Library 9780000053237 6432 05/06/2025 330.12/6 BIT 1           05/06/2025 05/06/2025

MC Athens Campus Library
Πατησίων 94 & Κοδριγκτώνος 13, 104 34
Πελλήνης 8 & Πατησίων 107, 112 51
Τ: +30 210 8899600

MC Thessaloniki Campus Library
Ίωνος Δραγούμη 21, 54625 | Ίωνος Δραγούμη 15, 54625
Τ: +30 2310 287779 – Τ: +30 2314 440300